Easy Geography Questions - Statistics

General Stats
  • This quiz has been taken 42 times
  • The average score is 7 of 8
Answer Stats
Question Answer % Correct
What is the Capital of the U.S.A Washington D.C.
100%
What is South America's Biggest Country Brazil
97%
What Country has the Highest Population? India
97%
What is the Biggest Country Russia
97%
What is the Smallest Country Vatican City
97%
What Continent is Mexico In? North America
83%
What is Africa's Largest Country Algeria
81%
What is the Biggest Continent? Asia
81%
No matching quizzes found
Score Distribution
Percent of People with Each Score
Percentile by Number Answered
Your Score History
You have not taken this quiz